| 000 | 01969nam a2200481Ii 4500 | ||
|---|---|---|---|
| 001 | DIGUANDES285 | ||
| 003 | NyNyDIG | ||
| 006 | m o d | ||
| 007 | cr ||||||||||| | ||
| 008 | 210625s2018 ck ob 000 0 spa d | ||
| 020 |
_a9789587745573 _qeBook |
||
| 020 | _z9789587745566 | ||
| 035 | _a(OCoLC)1282640071 | ||
| 040 |
_aDGITA _beng _erda _epn _cDGITA |
||
| 043 | _as-ck--- | ||
| 050 | 1 | 4 | _aHD1696.C7 ebook |
| 245 | 0 | 0 |
_aModos de gobernanza del agua y sostenibilidad : _baportes conceptuales y análisis de experiencias en Colombia / _cAndrés Hernández Quiñones (compilador). |
| 250 | _aPrimera edición. | ||
| 264 | 1 |
_aBogotá, D.C., Colombia : _bUniversidad de los Andes, _c[2018] |
|
| 300 | _a1 online resource. | ||
| 336 |
_atext _btxt _2rdacontent |
||
| 337 |
_acomputer _bc _2rdamedia |
||
| 338 |
_aonline resource _bcr _2rdacarrier |
||
| 347 |
_atext file _2rdaft |
||
| 347 | _bPDF | ||
| 490 | 1 | _aSostenibilidad, ambiente y desarrollo | |
| 500 | _a"Universidad de los Andes". | ||
| 504 | _aIncludes bibliographical references. | ||
| 588 | 0 | _aOnline resource; title from PDF title page (Digitalia, viewed June 25, 2021) | |
| 650 | 0 |
_aWater-supply _zColombia _xManagement. |
|
| 650 | 0 |
_aWater resources development _xEnvironmental aspects _zColombia. |
|
| 650 | 0 |
_aSustainable development _zColombia. |
|
| 650 | 0 |
_aEnvironmental policy _zColombia. |
|
| 655 | 0 | _aElectronic books. | |
| 700 | 1 |
_aHernández, Andrés _q(Hernández Quiñones), _eeditor. |
|
| 791 | 2 |
_aDigitalia (Firm), _edistributor. |
|
| 793 | 0 |
_gDigitalia eBook Collection: _aUniversidad de los Andes |
|
| 776 | 0 | 8 |
_iPrint version: _tModos de gobernanza del agua y sostenibilidad. _bPrimera edición. _dBogotá, D.C., Colombia : Ediciones Uniandes, [2018] _z9789587745566 |
| 830 | 0 | _aSostenibilidad, ambiente y desarrollo. | |
| 856 | 4 | 0 |
_3Digitalia Hispánica _uhttps://www.digitaliapublishing.com/a/52052/ |
| 910 | _aPremium collection: 2021 | ||
| 942 | _cRAA | ||
| 999 |
_c253018 _d253018 |
||